ბათუმის შოთა რუსთაველის სახელმწიფო უნივერსიტეტის ბიბლიოთეკა

Испытание материалов изделий и конструкций. (ბიბ.ჩანაწერი № 37370)

000 -LEADER
fixed length control field 00715nam a2200229Ia 4500
001 - CONTROL NUMBER
control field 3329
003 - CONTROL NUMBER IDENTIFIER
control field GE_BSU
008 - FIXED-LENGTH DATA ELEMENTS--GENERAL INFORMATION
fixed length control field 181216s||||||||xx |||||||||||||| ||und||
040 ## - CATALOGING SOURCE
Transcribing agency GE_BSU
080 ## - UNIVERSAL DECIMAL CLASSIFICATION NUMBER
Universal Decimal Classification number 620.1(075.8)
100 ## - MAIN ENTRY--PERSONAL NAME
Personal name Новгородский,М.А.
245 ## - TITLE STATEMENT
Title Испытание материалов изделий и конструкций.
245 ## - TITLE STATEMENT
Remainder of title Учеб. высш. учеб. завед.
245 ## - TITLE STATEMENT
Statement of responsibility, etc. Ред. Н.Н.Попова.
260 ## - PUBLICATION, DISTRIBUTION, ETC.
Place of publication, distribution, etc. М.
260 ## - PUBLICATION, DISTRIBUTION, ETC.
Name of publisher, distributor, etc. Высш. школа.
260 ## - PUBLICATION, DISTRIBUTION, ETC.
Date of publication, distribution, etc. 1971.
300 ## - PHYSICAL DESCRIPTION
Extent 327 стр. 23 см. с илл.
300 ## - PHYSICAL DESCRIPTION
Accompanying material табл.
653 ## - INDEX TERM--UNCONTROLLED
Uncontrolled term Испытание материалов изделий и конструкций.
942 ## - ADDED ENTRY ELEMENTS (KOHA)
Koha item type წიგნი
ეგზემპლარები
Withdrawn status Lost status Damaged status Not for loan Date acquired Barcode Date last seen Price effective from Koha item type
        2018-12-17 10060 2018-12-17 2018-12-17 წიგნი